| 000 | 01359nam a2200289 i 4500 | ||
|---|---|---|---|
| 003 | DO-SdBNP | ||
| 005 | 20250501142044.0 | ||
| 006 | a||||fr|||| 00| 0 | ||
| 007 | ta | ||
| 008 | 230622e2005 dr ad||| |||| 00| 0 spa d | ||
| 040 |
_aDO-SdBNP _bspa _cBNPHU _erda |
||
| 041 | _aspa | ||
| 082 | 4 |
_axxx _bO77m _222 |
|
| 100 | 1 |
_aOrtiz, Marina _eautor _4aut. _910383 |
|
| 245 |
_aMicroempresas y turismo en la República Dominicana : _bestudio de casos Bávaro y Cabarete / _cMarina Ortiz ; edición, Jeannette Canals ; presentación, Andrés Dauhajre, hijo |
||
| 264 | 1 |
_aSanto Domingo, República Dominicana : _bFondo para el Financiamiento de la Microempresa, _c2005. |
|
| 300 |
_axviii, 96 páginas : _bIlustraciones, gráficas ; _c23 cm. |
||
| 336 |
_2rdaconten _atexto _btxt |
||
| 337 |
_2rdamedia _asin medición _bn |
||
| 338 |
_2rdacarrier _avolumen _bnc |
||
| 505 | _aDesarrollo de la industria turística 5 -- El turismo como factor de cambio 19 -- El turismo como generador de empleos 29 -- El turismo como opción empresarial 41 -- El reto de la vinculación de la empresa con el turismo 67 | ||
| 590 | _aInventariado 2023 / MF | ||
| 700 | 1 |
_aDauhajre, Andrés _epresentador _96000 _4pr. |
|
| 700 | 1 |
_aJeannette Canals. _eeditor _4ed. _987624 |
|
| 710 | 2 |
_973221 _aFondo para el Financiamiento de la Microempresa _bRepública Dominicana |
|
| 942 |
_2ddc _cLBS1 |
||
| 999 |
_c53910 _d53910 |
||